| 000 | 02014cam a22004934i 4500 | ||
|---|---|---|---|
| 003 | PE-LiUPU | ||
| 005 | 20250731173350.0 | ||
| 008 | 150706s r 000 0 d | ||
| 020 | _a9781602580664 | ||
| 035 | _a(Sirsi) i9781602580664 | ||
| 040 |
_aPE-LiUPU _bspa _cPE-LiUPU _erda |
||
| 049 | _aPRUA | ||
| 082 | 0 | 4 |
_a225.07 _bB _221 |
| 100 | 1 |
_aLarkin, William J. , _eautor. |
|
| 245 | 1 | 0 |
_aEphesians : _ba handbook on the greek text / _cWilliam J. Larkin . |
| 264 | 1 |
_aWaco, Tex. : _bBaylor University Press, _c2009. |
|
| 300 |
_a196 páginas ; _c19 centímetros |
||
| 336 |
_atext _2rdacontent |
||
| 337 |
_aunmediated _2rdamedia |
||
| 338 |
_avolume _2rdacarrier |
||
| 490 | 0 | _aBaylor Hanbook on the greek New Testament | |
| 504 | _aIncluye bibliografía. | ||
| 505 | 0 | _aEphesians 1:1-2 -- Ephesians 1:3-14 -- Ephesians 1:15-23 -- Ephesians 2:1-10 -- Ephesians 2:11-22 -- Ephesians 3:1-13 -- Ephesians 3:14-21 -- Ephesians 4:1-6 -- Ephesians 4:7-16 -- Ephesians 4:17-24 -- Ephesians 4:25-5:5 -- Ephesians 5:6-14 -- Ephesians 5:15-20 -- Ephesians 5:21-33 -- Ephesians 6:1-4 -- Ephesians 6:5-9 -- Ephesians 6:10-20 -- Ephesians 6:21-24. | |
| 526 | _aSEG42 | ||
| 526 | _aSEG41 | ||
| 526 | _aSEG40 | ||
| 526 | _aSEG39 | ||
| 526 | _aP94 | ||
| 526 | _aP87 | ||
| 526 | _aP86 | ||
| 526 | _aP85 | ||
| 526 | _aP77 | ||
| 526 | _aP76 | ||
| 526 | _aP35 | ||
| 541 | _gW33380520101; | ||
| 630 |
_aBiblia. _pN.T. _pEfesios _xCrítica textual. |
||
| 630 |
_aBiblia. _pN.T. _pEfesios. _lGgriego. |
||
| 910 |
_agl _bjv _clch _d20100217 |
||
| 942 |
_2ddc _cBOOK |
||
| 949 |
_a225.07 B 10 _wDEWEY _c1 _i60988 _lCCODEBUL1 _mBUL _p16.00 _r0 _sY _tBOOK _u2015-7-6 _xTEOLOGIA _zUNKNOWN _0COMPRA _o.STAFF. Colección General |
||
| 994 |
_aC0 _bPEPRU |
||
| 596 | _a1 | ||
| 999 |
_a225.07 B 10 _wDEWEY _c50329 _i60988 _f2021-11-9 _g5 _lCCODEBUL1 _mBUL _p16.00 _r0 _sY _tBOOK _u2015-7-6 _xTEOLOGIA _zUNKNOWN _0COMPRA _o.STAFF. Colección General _d50329 |
||
| 980 |
_81 _gALBERTO SANCHEZ Responsable de Automatización |
||